Top 50 Car Companies by Revenues - Statistics

General Stats
  • This quiz has been taken 171 times
  • The average score is 15 of 50
Answer Stats
Producing Answer % Correct
#3 Ford
93%
#2 Toyota
92%
#6 BMW
87%
#1 Volkswagen
83%
#8 Hyundai
82%
#7 Honda
81%
#5 Mercedes-Benz
78%
#37 Ferrari
73%
#11 Tesla
71%
#14 Kia
66%
#4 General Motors
65%
#12 Nissan
65%
#17 Porsche
55%
#15 Renault
52%
#18 Volvo
50%
#21 Subaru
49%
#26 Mitsubishi
47%
#19 Suzuki
47%
#20 Mazda
44%
#13 BYD
36%
#16 Tata
35%
#43 Aston Martin
31%
#10 Stellantis
22%
#24 Geely
15%
#40 Rivian
12%
#22 Isuzu
9%
#28 Mahindra
7%
#42 Polestar
7%
#47 Lucid
6%
#9 SAIC
6%
#36 NIO
4%
#25 Changan
3%
#49 Fisker
3%
#45 VinFast
3%
#41 XPeng
3%
#35 FAW
2%
#23 Great Wall
2%
#38 Tofas
2%
#31 Dongfeng
1%
#27 GAC
1%
#30 Li Auto
1%
#46 Force
0%
#32 Ford Otosan
0%
#34 Hotai
0%
#48 Kandi
0%
#44 Leapmotor
0%
#29 Maruti Suziki
0%
#50 Nikola
0%
#33 Polaris
0%
#39 Seres
0%
No matching quizzes found
Score Distribution
Percent of People with Each Score
Percentile by Number Answered
Your Score History
You have not taken this quiz